000
00207nam a2200097Ia 4500
008
240331s9999 xx 000 0 und d
082
_b
BRE
100
_a
Brennan, T
245
0
_a
History after lacan
942
_c
L
999
_c
1745
_d
1745